El oleaje del tiempo (Record no. 14190)

MARC details
000 - LÍDER
campo de control de longitud fija 00960nam a2200205Ia 4500
008 - ELEMENTOS DE DATOS DE LONGITUD FIJA - INFORMACIÓN GENERAL
campo de control de longitud fija 0000002008 sp ad 0000000000spa00
090 ## - NÚMERO DE LLAMADA DE TIPO LC LOCALMENTE ASIGNADO (OCLC)
Número de clasificación (OCLC) (R) PUS00 A46o
100 1# - ENTRADA PRINCIPAL - NOMBRE PERSONAL
Nombre de la persona Alonso Berrojo, María Luisa
245 13 - TÍTULO DECLARACIÓN
Título El oleaje del tiempo
Resto del título : Lupe Ramín
Declaración de responsabilidad / textos Ma Luisa Alonso Berrojo ; fotografías Javier Nombela
260 ## - PUBLICACIÓN, DISTRIBUCIÓN
Lugar de publicación Madrid : Báculo Galería de Arte
Fecha de publicación 2008
300 ## - DESCRIPCIÓN FÍSICA
Alcance [16] p.
Dimensiones / 28 cm.
500 ## - NOTA GENERAL
Nota general Exposición realizada en Báculo Galeria de Madrid entre el 22 de noviembre de 2007 al 10 de enero de 2008 \ Artista estadounidense, quien residió por mucho tiempo en México y después se trasladó a España \ Donación de Carlos Jiménez, 2012
600 00 - ENTRADA DE SUJETO AÑADIDO - NOMBRE PERSONAL
Nombre de la persona RAMIN, LUPE/
Subdivisión general TRABAJOS PICTORICOS
650 14 - ENTRADA DE SUJETO AÑADIDO - TÉRMINO TÓPICO
Término tópico o elemento de entrada del nombre geográfico PINTURA ESTADOUNIDENSE
650 14 - ENTRADA DE SUJETO AÑADIDO - TÉRMINO TÓPICO
Término tópico o elemento de entrada del nombre geográfico ARTE CONTEMPORANEO ESTADOUNIDENSE
650 14 - ENTRADA DE SUJETO AÑADIDO - TÉRMINO TÓPICO
Término tópico o elemento de entrada del nombre geográfico ARTISTAS PLASTICOS ESTADOUNIDENSES
650 14 - ENTRADA DE SUJETO AÑADIDO - TÉRMINO TÓPICO
Subdivisión general CATALOGOS
650 14 - ENTRADA DE SUJETO AÑADIDO - TÉRMINO TÓPICO
Subdivisión general EXPOSICIONES
650 14 - ENTRADA DE SUJETO AÑADIDO - TÉRMINO TÓPICO
Término tópico o elemento de entrada del nombre geográfico PINTORES ESTADOUNIDENSES
Holdings
Estado de retirada Pérdida de estatus Estado dañado No para préstamo Código de recogida Ubicación permanente Ubicación actual Ubicación de las estanterías Fecha de adquisición Número de llamada completo Código de barras Fecha de la última vez que se vio Número de copia Precio efectivo desde Tipo de artículo Koha
        General ArtNexus ArtNexus General 06/09/2022 P-US-00 A46O 14368 06/09/2022 Ej.1 06/09/2022 Libro

Powered by Koha